Normal view
MARC view
Entry Personal Name
001 - CONTROL NUMBER
- control field: 13341
003 - CONTROL NUMBER IDENTIFIER
- control field: BD-RjUL
005 - DATE AND TIME OF LATEST TRANSACTION
- control field: 20240606120147.0
008 - FIXED-LENGTH DATA ELEMENTS
- fixed length control field: 240606|| aca||aabn | a|a d
040 ## - CATALOGING SOURCE
- Original cataloging agency: BD-RjUL
- Transcribing agency: BD-RjUL
100 ## - HEADING--PERSONAL NAME
- Personal name: Sachs, Paul J.
- Fuller form of name: (Paul Joseph),
- Dates associated with a name: 1878-1965
670 ## - SOURCE DATA FOUND
- Source citation: Work cat.: (BD-RjUL)83914: Sachs, Paul J. (Paul Joseph), 1878-1965., The pocket book of great drawings /, 1951.